| 000 | 00871nas a2200253 4500 | ||
|---|---|---|---|
| 001 | BR0802732 | ||
| 003 | BR-BrBNA | ||
| 005 | 20231205112048.0 | ||
| 007 | ta | ||
| 008 | 230509b bl.|||p| |||| 00| 00por d | ||
| 040 |
_aBR-BrBNA _bpor _cBiblioteca Nacional de Agricultura |
||
| 041 | _a(En) | ||
| 072 | _aH10; L74 | ||
| 100 | 1 | _aZenner, I. | |
| 100 | 1 | _aÁlvarez, A. | |
| 100 | 1 | _aBarreto, S. | |
| 245 | 1 | _aInfluence of parasitism by Chelonus insularis Cressson (Hymenoptera: Braconidae)on the susceptibility of Spodoptera frugiperda (J.E.Smith)(Lepidoptera: Noctuidae)to insecticides | |
| 650 | _aPRAGA DE PLANTA | ||
| 650 | _aPARASITO | ||
| 650 | _aRESISTÊNCIA A PESTICIDA | ||
| 773 | 0 |
_tNeotropical Entomology (Brazil) _xISSN 1519-566X _g(Nov-Dec 2006), v. 35(6) p. 818-822 _wBR0802732 |
|
| 909 |
_a202311 _bLúcia _c55 _dLúcia Elande |
||
| 942 |
_2AGRIS _n0 _cANA |
||
| 999 |
_c195894 _d195894 |
||